[Event "Arctic Chess Challenge 2009"]
[Site "Scandic Hotel, Tromsø"]
[Date "2009.08.01"]
[Round "2"]
[White "Socko, Monika"]
[Black "Van Den Bersselaar, Jeroen"]
[Result "1-0"]
[WhiteElo "2449"]
[BlackElo "2184"]
[PlyCount "113"]
[EventDate "2009.??.??"]

1. e4 c6 2. d4 d5 3. exd5 cxd5 4. c4 Nf6 5. Nc3 Nc6 6. Bg5 e6 7. Nf3 Be7 8. c5
O-O 9. Bb5 Ne4 10. Bxe7 Nxe7 11. Bd3 Qa5 12. Qc2 b6 13. O-O Nxc3 14. bxc3 h6
15. cxb6 axb6 16. Rfe1 Ba6 17. Bh7+ Kh8 18. Ne5 f5 19. Bg6 Rac8 20. Rac1 Nc6
21. Qd2 Nxe5 22. Rxe5 Rf6 23. Bh5 Bc4 24. Rc2 Ra8 25. Qe1 Qa4 26. Rb2 Qc6 27.
Qb1 b5 28. Bd1 Rf7 29. g4 fxg4 30. Bxg4 Rf6 31. Qe1 Ra6 32. Qd2 Qa8 33. Kg2 Qf8
34. Qe3 Qf7 35. h4 Qg6 36. Kh3 Qd3 37. Kg3 Qxe3+ 38. Rxe3 Kg8 39. Be2 Rxa2 40.
Rxa2 Bxa2 41. Bxb5 Kf7 42. Bd3 Ke7 43. f4 Rf8 44. f5 Rf6 45. Kf4 Kd6 46. Rg3
Bc4 47. Bc2 exf5 48. Rxg7 Bb5 49. Rg8 Bd7 50. h5 Bb5 51. Bxf5 Be2 52. Rg6 Ke7
53. Ke5 Rxf5+ 54. Kxf5 Bd3+ 55. Ke5 Bxg6 56. hxg6 h5 57. Kxd5 1-0

[Event "Arctic Chess Challenge 2009"]
[Site "Scandic Hotel, Tromsø"]
[Date "2009.08.01"]
[Round "4"]
[White "Socko, Monika"]
[Black "Thomassen, Joachim"]
[Result "1-0"]
[WhiteElo "2449"]
[BlackElo "2300"]
[PlyCount "65"]
[EventDate "2009.??.??"]

1. e4 c5 2. Nf3 d6 3. d4 cxd4 4. Nxd4 Nf6 5. Nc3 g6 6. Be2 Bg7 7. O-O O-O 8.
Bg5 Nc6 9. Nb3 Be6 10. Kh1 Na5 11. f4 Nc4 12. Bxc4 Bxc4 13. Re1 Qc7 14. Qf3
Rfe8 15. Nd2 Nd7 16. Rad1 Be6 17. Re3 b5 18. a3 a5 19. Nxb5 Qxc2 20. Nb3 Bxb3
21. Rxb3 Rab8 22. e5 Nc5 23. Rc3 Qa4 24. Nc7 Rec8 25. Nd5 Bf8 26. Rdc1 Qd4 27.
Bxe7 Ne4 28. Qxe4 Rxc3 29. Nxc3 Qxe4 30. Nxe4 Bxe7 31. exd6 Bd8 32. g3 f5 33.
Ng5 1-0

[Event "Arctic Chess Challenge 2009"]
[Site "Scandic Hotel, Tromsø"]
[Date "2009.08.01"]
[Round "5"]
[White "Turner, Matthew J"]
[Black "Socko, Monika"]
[Result "0-1"]
[WhiteElo "2517"]
[BlackElo "2449"]
[PlyCount "94"]
[EventDate "2009.??.??"]

1. e4 c5 2. c3 d5 3. exd5 Qxd5 4. d4 Nf6 5. Be3 cxd4 6. cxd4 Bg4 7. Ne2 Nc6 8.
Nbc3 Qa5 9. h3 Bf5 10. a3 e6 11. g4 Bg6 12. Bg2 Bd6 13. O-O O-O 14. Qb3 Qa6 15.
Nb5 Rfd8 16. Nec3 Rac8 17. Rac1 Na5 18. Qa4 Bb8 19. b3 Nc6 20. Rfd1 Ne7 21. Bg5
Qb6 22. d5 Nexd5 23. Nxd5 exd5 24. Be3 Rxc1 25. Rxc1 Qe6 26. Bxa7 Bxa7 27. Qxa7
Ne4 28. Qxb7 Qf6 29. Rf1 Nd2 30. Rd1 Nf3+ 31. Kh1 Bc2 32. Rf1 Bd3 33. Rc1 Bxb5
34. Qxb5 Qf4 35. Bxf3 Qxc1+ 36. Kg2 d4 37. Qb6 Qg5 38. a4 d3 39. a5 d2 40. Bd1
Qd5+ 41. Kg3 g6 42. b4 Re8 43. a6 Qh1 44. Ba4 Qa1 45. Bxe8 Qe5+ 46. Kg2 Qe4+
47. Kg3 d1=Q 0-1

[Event "Arctic Chess Challenge 2009"]
[Site "Scandic Hotel, Tromsø"]
[Date "2009.08.01"]
[Round "6"]
[White "Socko, Monika"]
[Black "Sulskis, Sarunas"]
[Result "1-0"]
[WhiteElo "2449"]
[BlackElo "2559"]
[PlyCount "83"]
[EventDate "2009.??.??"]

1. e4 c5 2. Nf3 e6 3. d4 cxd4 4. Nxd4 Nf6 5. Nc3 Bb4 6. e5 Nd5 7. Bd2 Nxc3 8.
bxc3 Be7 9. Qg4 O-O 10. Bd3 d6 11. f4 Nd7 12. exd6 Bh4+ 13. g3 Bf6 14. Nf3 g6
15. O-O Qb6+ 16. Rf2 Qxd6 17. Re1 b6 18. h4 h5 19. Qh3 e5 20. Qf1 exf4 21. Bxf4
Qa3 22. Nd4 Bxd4 23. cxd4 Bb7 24. Bh6 Qd6 25. Kh2 Qxd4 26. Bxf8 Rxf8 27. Re7
Ne5 28. Rxb7 Ng4+ 29. Kg1 f5 30. Re7 Kh8 31. Kg2 Rf7 32. Rfe2 Rxe7 33. Rxe7
Ne3+ 34. Rxe3 Qxe3 35. Qf4 Qe6 36. Qb8+ Kg7 37. Qxa7+ Kf6 38. Qa8 Qd6 39. Qh8+
Ke7 40. Qg7+ Kd8 41. Qg8+ Kc7 42. Qc4+ 1-0

[Event "Arctic Chess Challenge 2009"]
[Site "Scandic Hotel, Tromsø"]
[Date "2009.08.01"]
[Round "8"]
[White "Socko, Monika"]
[Black "Radulski, Julian"]
[Result "1/2-1/2"]
[WhiteElo "2449"]
[BlackElo "2539"]
[PlyCount "78"]
[EventDate "2009.??.??"]

1. e4 e5 2. Nf3 Nc6 3. Bb5 a6 4. Bxc6 dxc6 5. O-O Qf6 6. d4 exd4 7. Bg5 Qd6 8.
Nxd4 Be7 9. Bxe7 Nxe7 10. Nc3 Bd7 11. Nb3 Qxd1 12. Raxd1 b6 13. Nd4 O-O-O 14.
Rd2 Rhe8 15. f3 f5 16. Rfd1 fxe4 17. Nxe4 Nd5 18. Kf2 h6 19. c4 Ne7 20. c5 b5
21. Ng3 Nd5 22. Ngf5 Re5 23. g4 h5 24. h3 g6 25. Nh4 hxg4 26. hxg4 g5 27. Ng6
Ree8 28. Nf5 Re6 29. Re1 Rxe1 30. Kxe1 Re8+ 31. Kf2 a5 32. Rd1 a4 33. Rh1 Nb4
34. Rd1 Nd5 35. a3 Re6 36. Nf8 Re5 37. Ng6 Re6 38. Nf8 Re5 39. Ng6 Re6 1/2-1/2